Atatürk ve sosyal demokrasi (Record no. 12537)
[ view plain ]
| 000 -BAŞLIK | |
|---|---|
| Sabit Uzunlukta Kontrol Alanı | 00768na a2200253 4500 |
| 001 - KONTROL NUMARASI | |
| Denetim Alanı | 24592 |
| 003 - KONTROL NUMARASI IDENTIFIER | |
| Denetim Alanı | MIRAKIL |
| 005 - SON İŞLEM TARİHİ VE ZAMANI | |
| Denetim Alanı | 20190109120943.0 |
| 008 - SABİT-BOY VERİ ELEMANLARI - GENEL BİLGİLER | |
| Sabit Uzunlukta Kontrol Alanı | 181214b tu 000 0 |
| 020 ## - ULUSLARARASI STANDART KİTAP NUMARASI | |
| Uluslararası Standart Kitap Numarası | 9755200134 |
| 041 ## - DİL KODU | |
| Metin / Ses Parça Veya Ayrı Başlığın Dil Kodu | tur |
| 082 ## - DEWEY ONLU SINIFLANDIRMA NUMARASI | |
| Sınıflandırma Numarası | ATA 321.8 |
| Ürün Numarası | A47a 1990 |
| 090 ## - SINIFLAMA NUMARASI | |
| Sınıflama Numarası | ATA 321.8 A47a 1990 |
| 100 ## - ANA GİRİŞ - KİŞİSEL İSİM | |
| Kişisel Ad | Aksoy, Muammer |
| 245 ## - BAŞLIK TABLOSU | |
| Başlık | Atatürk ve sosyal demokrasi |
| Sorumluluk Tablosu, Vb | Muammer Aksoy |
| 260 ## - YAYIN, DAĞITIM, VB | |
| Yayın, Dağıtım, Vb Yeri | Ankara |
| Yayıncı, Dağıtıcı, Vs Adı | Gündoğan Yayınları |
| Yayın, Dağıtım, Vb Tarihi | 1990 |
| 300 ## - FİZİKSEL TANIM | |
| Kapsam | 88 s. |
| Boyutlar | 20 sm. |
| 440 ## - SERİSİ TABLOSU / KATMA GİRİŞİ - BAŞLIK | |
| Başlık | Gündoğan yayınları |
| Hacim / Ardışık Tanımı | 90.24 |
| 490 ## - SERİSİ TABLOSU | |
| Seri Beyanı | Atatürk düşünce dizisi |
| Hacim / Ardışık Tanımı | 01.04 |
| 600 ## - KONU KATMA GİRİŞ - KURUMSAL ADI | |
| Kişisel Ad | Atatürk, Mustafa Kemal |
| Başlıklar Ve Bir Adla İlişkili Diğer Kelimeler | Gazi |
| Bir Adıyla İlişkilendirilen Tarihler | 1881-1938 |
| Genel Alt Bölümü | Siyasal ve sosyal görüşler |
| 650 ## - KONU KATMA GİRİŞ - TOPİKAL DÖNEM | |
| Topikal Süreli Veya Coğrafi Ad Giriş Elemanı | Sosyal demokrasi |
| Genel Alt Bölümü | Türkiye |
| 650 ## - KONU KATMA GİRİŞ - TOPİKAL DÖNEM | |
| Topikal Süreli Veya Coğrafi Ad Giriş Elemanı | Siyaset ve yönetim |
| Genel Alt Bölümü | Türkiye |
| 942 ## - EKLENDİ GİRİŞ ELEMANLARI (KOHA) | |
| Sınıflandırma Veya Raf Düzeni Kaynak | Dewey Decimal Classification |
| Koha Öğesi Türü | Books |
| 999 ## - SİSTEM KONTROL NUMARALARI (KOHA) | |
| Koha Biblionumber | 12537 |
| Koha Biblioitemnumber | 12537 |
| Kalıcı Konum | Mevcut Konum | Edinme Tarihi | Edinim Kaynak | Toplam Check-Out'Lar | Tam Çağrı Numarası | Barkod | Tarih Son Görülme | İtibaren Geçerli Fiyatlar | Koha Öğesi Türü |
|---|---|---|---|---|---|---|---|---|---|
| CHP Kütüphanesi | CHP Kütüphanesi | 01/09/2019 | Bağış | ATA 321.8 A47a 1990 | 018673 | 01/09/2019 | 01/09/2019 | Books |
